A first look at animals : (Record no. 7955)

MARC details
000 -LEADER
fixed length control field 01149nam a22002897a 4500
001 - CONTROL NUMBER
control field 7955
003 - CONTROL NUMBER IDENTIFIER
control field FISKH
005 - DATE AND TIME OF LATEST TRANSACTION
control field 20250814155753.0
008 - FIXED-LENGTH DATA ELEMENTS--GENERAL INFORMATION
fixed length control field 250814b cb ||||| |||| 00| 0 eng d
040 ## - CATALOGING SOURCE
Original cataloging agency FISKH
Language of cataloging eng
Transcribing agency FISKH
Modifying agency FISKH
050 ## - LIBRARY OF CONGRESS CALL NUMBER
Classification number QL122.2 .J3618
082 ## - DEWEY DECIMAL CLASSIFICATION NUMBER
Classification number 591.77
100 ## - MAIN ENTRY--PERSONAL NAME
Personal name James, Diane
245 ## - TITLE STATEMENT
Title A first look at animals :
Remainder of title Underwater /
Statement of responsibility, etc. Diane James & Sara Lynn ; illustrated by Siobhan Dodds
250 ## - EDITION STATEMENT
Edition statement This edition published in 1995
260 ## - PUBLICATION, DISTRIBUTION, ETC.
Place of publication, distribution, etc. New York :
Name of publisher, distributor, etc. Scholastic,
Date of publication, distribution, etc. 1992
300 ## - PHYSICAL DESCRIPTION
Extent 24 unnumbered pages :
Other physical details color illustrations ;
Dimensions 29 cm
505 ## - FORMATTED CONTENTS NOTE
Formatted contents note E<br/><br/>
520 ## - SUMMARY, ETC.
Summary, etc. Dramatic photographs, charming illustrations and informative text give children essential first facts about the animal kingdom. Simple text explains how animals live, eat and tend to their young. A short quiz in the back of each book lets children test their new animal knowledge.
521 8# - TARGET AUDIENCE NOTE
Target audience note 160<br/>
Source Lexile estimate<br/>
521 8# - TARGET AUDIENCE NOTE
Target audience note E<br/>
Source Raz-Plus<br/>
650 ## - SUBJECT ADDED ENTRY--TOPICAL TERM
Topical term or geographic name entry element Seahorse
Form subdivision Underwater
General subdivision Sea Turtle
700 ## - ADDED ENTRY--PERSONAL NAME
Personal name Lynn, Sara
Relator term Author
700 ## - ADDED ENTRY--PERSONAL NAME
Personal name Dodds, Siobhan
Relator term illustrator
942 ## - ADDED ENTRY ELEMENTS (KOHA)
Source of classification or shelving scheme Dewey Decimal Classification
Koha item type Books
Suppress in OPAC No
Holdings
Withdrawn status Lost status Source of classification or shelving scheme Damaged status Not for loan Collection Home library Current library Shelving location Date acquired Total Checkouts Full call number Barcode Date last seen Date last checked out Copy number Price effective from Koha item type
    Dewey Decimal Classification     Non-Fiction Footprints International School Library Network Toul Kork Campus Footprints International School Library Network Toul Kork Campus TK Primary Library Room(4th Floor), Bookcase 7, Shelves 57-60, Dark Green Books 08/14/2025 1 JAM 591.77 QL122.2 .J3618 FISBK06290 01/05/2026 11/10/2025 1 08/14/2025 Books